00307nam a2200121Ia 45000030006000000080041000060400015000471000020000622450065000822600009001475460012001560050017001680STCL150530s9999 xx 000 0 und d aSTCLcSTCL aJulius Gy Fabos aPlanning the total landscape a guide to intelligent land use c1979 aEnglish20220125165623.0